Zoology dictonary (Record no. 201565)

MARC details
000 -LEADER
fixed length control field 00538nam a22001937a 4500
005 - DATE AND TIME OF LATEST TRANSACTION
control field 20240318151143.0
010 ## - LCCN (DPL NO)
LC control number ENG-123292
020 ## - INTERNATIONAL STANDARD BOOK NUMBER
Terms of availability 150 .00
035 ## - SYSTEM CONTROL NUMBER
System control number EN-123293
037 ## - SOURCE OF ACQUISITION
Source of stock number/acquisition DBAD/PUB
082 ## - DEWEY DECIMAL CLASSIFICATION NUMBER
Classification number 590.3
Edition number 1
245 ## - TITLE STATEMENT
Title Zoology dictonary
Medium English
260 ## - PUBLICATION, DISTRIBUTION, ETC. (IMPRINT)
Place of publication, distribution, etc Vijaywada
Name of publisher, distributor, etc Navratan Book House
Date of publication, distribution, etc 2016
270 ## - ADDRESS
City Vijaywada
Address 28-22-20,Rahiman Street, Arundelpet
Postal code 520002
300 ## - PHYSICAL DESCRIPTION
Extent 248p.
Dimensions 21cm(pbk)
700 ## - ADDED ENTRY--PERSONAL NAME
9 (RLIN) 63493
710 ## - ADDED ENTRY--CORPORATE NAME
9 (RLIN) 63494
Corporate name or jurisdiction name as entry element Gopu ramu
Relator term Editor
942 ## - ADDED ENTRY ELEMENTS (KOHA)
Source of classification or shelving scheme Dewey Decimal Classification
Item type English Books
Call number suffix Zoo
Classification part 590.3
Edition 1
Holdings
Withdrawn status Lost status Not for loan Collection code Home library Current library Date acquired Source of acquisition Cost, normal purchase price Full call number Barcode Copy number Cost, replacement price Koha item type
      Non-fiction Bawana Bawana 18/03/2024 DBAD 150.00 590.3 ZOO EN-123293 1 150.00 English Books

© Delhi Public Library
Hit Counter
free hit counter